000
00288nam a2200121 a 4500
008
101214s1981|||| d
100
1
_a
Korínek, Viliam
245
1
0
_a
Melodické etudy pre husle
260
_b
Opus
_a
Bratislava
_c
1981
020
_c
12,50
041
_a
slo
044
_a
xo
_c
SK
999
_c
15238
_d
15238